Cyclisme : Top 20 de la Bretagne Classic 2025 - Statistiques

Statistiques générales
  • Ce quiz a été pris 25 fois
    24 depuis la dernière actualisation
  • Le résultat moyen est 10 sur 20
Statistiques - réponses
Position Equipe Coureur % Correct
1er Lotto Arnaud De Lie
100%
5eme Intermarché Wanty Biniam Girmay
100%
3eme Visma Lease a Bike Olav Kooij
100%
2eme TotalEnergies Emilien Jeannière
96%
4eme Soudal Quick Step Paul Magnier
91%
8eme Jayco AlUla Michael Matthews
78%
7eme Decathlon AG2R La Mondiale Dorian Godon
61%
9eme Picnic PostNL Tobias Lund Andresen
61%
13eme TotalEnergies Anthony Turgis
57%
11eme TotalEnergies Sandy Dujardin
48%
12eme Israel Premier Tech Corbin Strong
39%
19eme Groupama FDJ Romain Gregoire
39%
10eme Lidl Trek Jasper Stuyven
35%
20eme Red Bull Bora Hansgrohe Mick Van Dijke
30%
6eme Tudor Rick Pluimers
17%
16eme Arkea B&B Hotels Clement Venturini
13%
17eme XDS Astana Simone Velasco
9%
14eme VF Group Bardiani CSF Filippo Magli
4%
15eme Israel Premier Tech Krists Neilands
0%
18eme Alpecin Deceuninck Xandro Meurisse
0%
Aucun quiz correspondant
Distribution des résultats
% des personnes avec chaque résultat
Percentile par nombre de réponses
Votre historique - résultats
Vous n’avez pas pris ce quiz depuis la dernière actualisation